[Event "IECC KO email"]
[Site "IECC email"]
[Date "2003.02.14"]
[Round "?"]
[White "Djoudi, Brahim"]
[Black "Da Silva Barbosa, Luiz Francisco"]
[Result "1-0"]
[WhiteElo "1601"]
[BlackElo "1975"]
[PlyCount "43"]
[EventDate "2003.??.??"]
[EventType "tourn (corr)"]
[EventRounds "6"]
[SourceTitle "Corr 2008"]
[Source "ChessBase"]
[SourceDate "2008.06.24"]
[SourceVersion "1"]
[SourceVersionDate "2008.06.24"]
[SourceQuality "1"]

1. Nf3 d6 2. d4 Nf6 3. c4 g6 4. Nc3 Bg7 5. e4 0-0 6. Be2 e5 7. 0-0 Nc6 8. d5 Ne7 9. b4 Nh5 10. Re1 Nf4 11. Bf1 a5 12. bxa5 Rxa5 13. a4 Bg4 14. h3 Bxf3 15. Qxf3 f5 16. Qd1 c6 17. Bd2 fxe4 18. Nxe4 Ra8 19. Bxf4 exf4 20. Rb1 cxd5 21. Ng5 Qd7 22. Rxe7 1-0

[Event "IECC KO email"]
[Site "IECC email"]
[Date "2002.10.06"]
[Round "?"]
[White "Da Silva Barbosa, Luiz Francisco"]
[Black "Rosenstein, David"]
[Result "1-0"]
[WhiteElo "2000"]
[BlackElo "1567"]
[PlyCount "71"]
[EventDate "2002.??.??"]
[EventType "tourn (corr)"]
[EventRounds "6"]
[SourceTitle "Corr 2008"]
[Source "ChessBase"]
[SourceDate "2008.06.24"]
[SourceVersion "1"]
[SourceVersionDate "2008.06.24"]
[SourceQuality "1"]

1. e4 d6 2. d4 e6 3. Nc3 a6 4. f4 Nd7 5. Nf3 h6 6. Bd3 g6 7. 0-0 Ne7 8. Be3 Bg7 9. Qd2 c5 10. f5 cxd4 11. Nxd4 e5 12. Nf3 gxf5 13. Bc4 Nf6 14. Rad1 f4 15. Bf2 Bg4 16. Qxd6 Qxd6 17. Rxd6 Bxf3 18. gxf3 Rc8 19. Bb3 0-0 20. Rfd1 Rc6 21. Bh4 Rfc8 22. Na4 Rxd6 23. Rxd6 Rc6 24. Rxc6 Nxc6 25. Nc5 Na5 26. Bd5 Nxd5 27. exd5 Bf8 28. Nd7 Nc4 29. b3 Ne3 30. c4 Bg7 31. Nc5 Nf5 32. Bd8 b5 33. Bc7 bxc4 34. bxc4 Nd4 35. Kg2 f5 36. d6 1-0